[Event "Mittelfranken-chT2b 1617"]
[Site "Mittelfranken"]
[Date "2017.03.26"]
[Round "8.8"]
[White "Behlert, Stefan"]
[Black "Gueldner, Udo"]
[Result "1/2-1/2"]
[WhiteElo "1697"]
[BlackElo "1797"]
[PlyCount "51"]
[EventDate "2016.10.23"]
[EventType "team-tourn"]
[EventRounds "9"]
[EventCountry "GER"]
[SourceTitle "EXT 2022"]
[Source "ChessBase"]
[SourceDate "2021.10.06"]
[SourceVersion "1"]
[SourceVersionDate "2021.10.06"]
[SourceQuality "1"]
[WhiteTeam "Nuernberg Zabo Eintracht II"]
[BlackTeam "Forchheim SC III"]
[WhiteTeamCountry "GER"]
[BlackTeamCountry "GER"]

1. e4 d6 2. d4 Nf6 3. Nc3 g6 4. Nf3 Bg7 5. Be2 0-0 6. 0-0 Nbd7 7. Ne1 c5 8. d5 a6 9. Rb1 b5 10. a3 b4 11. axb4 cxb4 12. Na2 a5 13. Bd3 Nc5 14. f3 Nxd3 15. Nxd3 Qb6+ 16. Kh1 Ba6 17. Re1 Nd7 18. Be3 Qb7 19. Nac1 Nb6 20. Ne2 Nc4 21. Bd4 Bh6 22. f4 e6 23. Ng3 Bg7 24. Bxg7 Kxg7 25. Qg4 Kh8 26. dxe6 1/2-1/2

[Event "Mittelfranken-chTB2b 0809"]
[Site "Mittelfranken"]
[Date "2009.01.11"]
[Round "4.8"]
[White "Behlert, Stefan"]
[Black "Dorner, Hans"]
[Result "1/2-1/2"]
[WhiteElo "1703"]
[BlackElo "1667"]
[PlyCount "97"]
[EventDate "2008.10.12"]
[EventType "team"]
[EventRounds "9"]
[EventCountry "GER"]
[SourceTitle "EXT 2011"]
[Source "ChessBase"]
[SourceDate "2010.11.26"]
[SourceVersion "1"]
[SourceVersionDate "2010.11.26"]
[SourceQuality "1"]
[WhiteTeam "Nuernberg Zabo"]
[BlackTeam "Heideck/Hilpoltstein"]
[WhiteTeamCountry "GER"]
[BlackTeamCountry "GER"]

1. e4 d5 2. exd5 Qxd5 3. Nc3 Qa5 4. d4 Nf6 5. Bc4 Bg4 6. f3 Bf5 7. Bd2 c6 8. Nge2 e6 9. Ng3 Bg6 10. Qe2 Qc7 11. Nge4 Nbd7 12. 0-0-0 0-0-0 13. g3 Nd5 14. Bd3 Bb4 15. Nxd5 Bxd2+ 16. Rxd2 exd5 17. Ng5 Rde8 18. Qd1 Re7 19. Re1 Qd8 20. f4 h6 21. Rxe7 Qxe7 22. Nh3 Qe6 23. Bxg6 fxg6 24. Ng1 Nf6 25. Re2 Ne4 26. Nf3 Rf8 27. Nd2 Qh3 28. Nxe4 dxe4 29. Rxe4 Qxh2 30. Qe1 g5 31. Re8+ Rxe8 32. Qxe8+ Kc7 33. Qe7+ Kb6 34. Qc5+ Kc7 35. Qe5+ Kb6 36. Qc5+ Kc7 37. Qe5+ Kb6 38. fxg5 hxg5 39. Qc5+ Kc7 40. Qe5+ Kb6 41. b4 a6 42. a4 g4 43. Qe3 Qh1+ 44. Kd2 Qd5 45. Qd3 a5 46. c4 Qg2+ 47. Kc3 axb4+ 48. Kb3 Qf3 49. Kc2 1/2-1/2

[Event "Mittelfrankenliga-B2b 0607"]
[Site "Mittelfranken"]
[Date "2007.01.28"]
[Round "5.5"]
[White "Classen, Andrej"]
[Black "Behlert, Stefan"]
[Result "1/2-1/2"]
[WhiteElo "1787"]
[BlackElo "1702"]
[PlyCount "53"]
[EventDate "2006.10.22"]
[EventType "team-tourn"]
[EventRounds "9"]
[EventCountry "GER"]
[SourceTitle "EXT 2011"]
[Source "ChessBase"]
[SourceDate "2010.11.26"]
[SourceVersion "1"]
[SourceVersionDate "2010.11.26"]
[SourceQuality "1"]
[WhiteTeam "Buechenbach/Roth II"]
[BlackTeam "Nuernberg Zabo"]
[WhiteTeamCountry "GER"]
[BlackTeamCountry "GER"]

1. e4 e6 2. d4 d5 3. exd5 exd5 4. Bd3 Bd6 5. Nf3 Ne7 6. 0-0 Bf5 7. Re1 0-0 8. Nc3 c6 9. Ne2 Bxd3 10. Qxd3 Nd7 11. Ng3 Re8 12. Bd2 Nf8 13. c3 Qc7 14. Nf5 Nxf5 15. Qxf5 Qd7 16. Qd3 Ng6 17. g3 f5 18. Rxe8+ Rxe8 19. Re1 Rxe1+ 20. Nxe1 f4 21. c4 Qe6 22. b3 Ne7 23. Ng2 fxg3 24. hxg3 Qf5 25. Qe2 Kf7 26. Be3 h6 27. Qd1 1/2-1/2

[Event "Mittelfrankenliga-B2b 0607"]
[Site "Mittelfranken"]
[Date "2006.12.03"]
[Round "3.5"]
[White "Lunz, Dieter"]
[Black "Behlert, Stefan"]
[Result "1-0"]
[WhiteElo "1908"]
[BlackElo "1702"]
[PlyCount "117"]
[EventDate "2006.10.22"]
[EventType "team-tourn"]
[EventRounds "9"]
[EventCountry "GER"]
[SourceTitle "EXT 2011"]
[Source "ChessBase"]
[SourceDate "2010.11.26"]
[SourceVersion "1"]
[SourceVersionDate "2010.11.26"]
[SourceQuality "1"]
[WhiteTeam "Heilsbronn"]
[BlackTeam "Nuernberg Zabo"]
[WhiteTeamCountry "GER"]
[BlackTeamCountry "GER"]

1. e4 e6 2. d4 d5 3. Nc3 Bb4 4. a3 Bxc3+ 5. bxc3 c5 6. e5 Qc7 7. Bd2 Ne7 8. Nf3 Nbc6 9. Bd3 c4 10. Be2 0-0 11. Nh4 f6 12. exf6 Rxf6 13. Bg5 Rf8 14. 0-0 Nf5 15. Nxf5 Rxf5 16. Bh4 Bd7 17. Bg4 Rf7 18. Bg3 Qd8 19. Re1 Qf6 20. Re3 Re8 21. Qe2 Bc8 22. Re1 Nd8 23. Be5 Qe7 24. Bh5 g6 25. Rg3 Rg7 26. Bxg7 Kxg7 27. Qe5+ Qf6 28. Qxf6+ Kxf6 29. Bg4 Nf7 30. Rge3 Nd6 31. Bf3 Bd7 32. g3 Kf7 33. h4 Nb5 34. Rb1 Bc6 35. a4 Nd6 36. a5 a6 37. g4 Nb5 38. Kg2 Na3 39. Rc1 Nb5 40. g5 Nd6 41. Bg4 Nb5 42. Rf3+ Ke7 43. Re1 Bd7 44. Rf6 Nc7 45. h5 Rf8 46. hxg6 Rxf6 47. gxf6+ Kxf6 48. gxh7 Kg7 49. Rh1 Kh8 50. Rh6 Nb5 51. Bxe6 Bxe6 52. Rxe6 Nxc3 53. Re7 Nb5 54. Kg3 Nxd4 55. Kg4 Nc6 56. Rxb7 d4 57. Rc7 Nxa5 58. Kg5 d3 59. Kg6 1-0

[Event "Nuremberg-ch op 05th"]
[Site "Nuremberg"]
[Date "2005.05.08"]
[Round "4"]
[White "Gillitzer, Gerhard"]
[Black "Behlert, Stefan"]
[Result "0-1"]
[WhiteElo "1497"]
[BlackElo "1730"]
[PlyCount "62"]
[EventDate "2005.05.06"]
[EventType "swiss"]
[EventRounds "5"]
[EventCountry "GER"]
[SourceTitle "EXT 2007"]
[Source "ChessBase"]
[SourceDate "2006.11.23"]
[SourceVersion "1"]
[SourceVersionDate "2006.11.23"]
[SourceQuality "1"]

1. d4 e6 2. Nf3 f5 3. c4 Nf6 4. g3 c6 5. Bg2 d5 6. cxd5 exd5 7. 0-0 Be7 8. Nc3 0-0 9. Ne5 Nbd7 10. f4 Qe8 11. Bf3 Ne4 12. e3 Nxe5 13. dxe5 g5 14. Nxd5 cxd5 15. Qxd5+ Qf7 16. Bxe4 fxe4 17. Qxe4 Bc5 18. Qc2 Bb6 19. Kh1 Be6 20. b3 Rac8 21. Qe2 Bf5 22. e4 Bh3 23. Bb2 Bxf1 24. Rxf1 Bd8 25. f5 Qe7 26. Qg4 h5 27. Qxh5 Qh7 28. Qd1 Qh3 29. Qd5+ Rf7 30. Rd1 Rc2 31. Qxd8+ Kh7 0-1

[Event "Nuremberg Zabo op 06th"]
[Site "Nuremberg"]
[Date "2004.09.26"]
[Round "5"]
[White "Behlert, Stefan"]
[Black "Hennemann, Herbert"]
[Result "1-0"]
[WhiteElo "1761"]
[BlackElo "1516"]
[PlyCount "99"]
[EventDate "2004.09.24"]
[EventType "swiss"]
[EventRounds "5"]
[EventCountry "GER"]
[SourceTitle "EXT 2012"]
[Source "ChessBase"]
[SourceDate "2011.11.24"]
[SourceVersion "1"]
[SourceVersionDate "2011.11.24"]
[SourceQuality "1"]

1. e4 e6 2. d4 d5 3. e5 c5 4. c3 cxd4 5. cxd4 Qb6 6. Nf3 Bd7 7. Be2 Nc6 8. a3 f6 9. b4 a5 10. b5 Na7 11. a4 Rc8 12. 0-0 fxe5 13. Nxe5 Nf6 14. Bg5 Be7 15. Kh1 Rg8 16. Qd3 Ne4 17. Bxe7 Kxe7 18. f3 Nf6 19. Nd2 Be8 20. Nb3 Bg6 21. Nxg6+ hxg6 22. Qxg6 Qd6 23. Rae1 b6 24. Bd3 Kf8 25. Re5 Rh8 26. Rfe1 Rh6 27. Qg3 Kf7 28. f4 Ne4 29. Bxe4 dxe4 30. h3 Rg6 31. Qe3 Rh8 32. Qxe4 Qe7 33. f5 Rg3 34. fxe6+ Ke8 35. Qa8+ Qd8 36. Qxd8+ Kxd8 37. R1e3 Rxe3 38. Rxe3 Ke7 39. Nd2 Rh4 40. g4 Rh6 41. d5 Nc8 42. Nc4 Rf6 43. d6+ Nxd6 44. Nxd6 Rf1+ 45. Kg2 Rd1 46. Nc8+ Ke8 47. Nxb6 Rd4 48. Kf3 Ke7 49. Nc8+ Ke8 50. e7 1-0

[Event "Nuremberg Zabo op 06th"]
[Site "Nuremberg"]
[Date "2004.09.26"]
[Round "4"]
[White "Niederkleine, Ingmar"]
[Black "Behlert, Stefan"]
[Result "1/2-1/2"]
[WhiteElo "1563"]
[BlackElo "1761"]
[PlyCount "107"]
[EventDate "2004.09.24"]
[EventType "swiss"]
[EventRounds "5"]
[EventCountry "GER"]
[SourceTitle "EXT 2012"]
[Source "ChessBase"]
[SourceDate "2011.11.24"]
[SourceVersion "1"]
[SourceVersionDate "2011.11.24"]
[SourceQuality "1"]

1. d4 e6 2. c4 f5 3. Nc3 c6 4. a3 Nf6 5. Bg5 Be7 6. e3 d5 7. Be2 0-0 8. Nf3 Nbd7 9. 0-0 h6 10. Bxf6 Nxf6 11. Ne5 Qe8 12. c5 Bd8 13. f4 Bc7 14. Rc1 g5 15. Kh1 g4 16. Qe1 Kg7 17. h4 Bxe5 18. dxe5 Nd7 19. Nb1 Qe7 20. b4 Rd8 21. Qf2 Nf8 22. g3 Bd7 23. Nd2 a5 24. Ra1 Ra7 25. Nb3 axb4 26. axb4 Rda8 27. Rxa7 Rxa7 28. Ra1 Rxa1+ 29. Nxa1 Bc8 30. Nb3 Qc7 31. Qe1 Nd7 32. Nd4 Kf7 33. Qa1 b6 34. cxb6 Qxb6 35. Qa5 Qxa5 36. bxa5 Bb7 37. Kg1 Ke7 38. Kf1 Nb8 39. Ke1 c5 40. Nb3 c4 41. Nd4 Na6 42. Bd1 Nc5 43. Bc2 Bc8 44. Kd2 Bd7 45. Kc3 Kd8 46. Kb4 Na6+ 47. Kc3 Kc7 48. Bb1 Kb7 49. Bc2 Ka7 50. Bb1 Nc5 51. Kb4 Nb7 52. Nb5+ Ka6 53. Nc7+ Ka7 54. Nb5+ 1/2-1/2

[Event "Nuremberg Zabo op 06th"]
[Site "Nuremberg"]
[Date "2004.09.25"]
[Round "3"]
[White "Behlert, Stefan"]
[Black "Dreiseitel, Werner"]
[Result "1-0"]
[WhiteElo "1761"]
[BlackElo "1277"]
[PlyCount "43"]
[EventDate "2004.09.24"]
[EventType "swiss"]
[EventRounds "5"]
[EventCountry "GER"]
[SourceTitle "EXT 2012"]
[Source "ChessBase"]
[SourceDate "2011.11.24"]
[SourceVersion "1"]
[SourceVersionDate "2011.11.24"]
[SourceQuality "1"]

1. e4 d6 2. d4 Nf6 3. Nc3 g6 4. Nf3 Bg7 5. Be2 0-0 6. 0-0 c6 7. h3 e5 8. dxe5 dxe5 9. Be3 Qc7 10. Bd3 h6 11. Qe2 Kh7 12. Rad1 Be6 13. Na4 Nbd7 14. b3 b6 15. c4 c5 16. Bc1 Nh5 17. Nc3 Nf4 18. Bxf4 exf4 19. Nd5 Bxd5 20. exd5 Rfe8 21. Qc2 Re7 22. d6 1-0

[Event "Nuremberg Zabo op 06th"]
[Site "Nuremberg"]
[Date "2004.09.25"]
[Round "2"]
[White "Koerber, Christian"]
[Black "Behlert, Stefan"]
[Result "1-0"]
[WhiteElo "1594"]
[BlackElo "1761"]
[PlyCount "73"]
[EventDate "2004.09.24"]
[EventType "swiss"]
[EventRounds "5"]
[EventCountry "GER"]
[SourceTitle "EXT 2012"]
[Source "ChessBase"]
[SourceDate "2011.11.24"]
[SourceVersion "1"]
[SourceVersionDate "2011.11.24"]
[SourceQuality "1"]

1. c4 e6 2. Nc3 f5 3. h3 Nf6 4. d4 Be7 5. Qd3 Nc6 6. a3 d5 7. c5 Ne4 8. Nf3 a6 9. g4 Bh4 10. Be3 f4 11. Nxe4 fxe3 12. Ng3 exf2+ 13. Kxf2 0-0 14. Kg2 Qf6 15. Nh5 Qe7 16. e4 g6 17. Ng3 Bxg3 18. Kxg3 Qf6 19. Qe3 dxe4 20. Qxe4 Nxd4 21. Bg2 Nxf3 22. Bxf3 c6 23. b4 Bd7 24. Rad1 Rad8 25. Rd6 Bc8 26. Rhd1 Rxd6 27. cxd6 Rd8 28. Qe3 e5 29. g5 Qf4+ 30. Qxf4 exf4+ 31. Kxf4 Kg7 32. h4 Bf5 33. Ke5 Re8+ 34. Kd4 Rd8 35. Kc5 Rd7 36. Re1 Be6 37. Rxe6 1-0

[Event "Seebach op 15th"]
[Site "Grossenseebach"]
[Date "2004.06.17"]
[Round "4"]
[White "Behlert, Stefan"]
[Black "Puschak, Oliver"]
[Result "1/2-1/2"]
[WhiteElo "2093"]
[BlackElo "1868"]
[PlyCount "40"]
[EventDate "2004.06.17"]
[EventType "swiss"]
[EventRounds "7"]
[EventCountry "GER"]
[SourceTitle "EXT 2018"]
[Source "ChessBase"]
[SourceDate "2017.10.13"]
[SourceVersion "1"]
[SourceVersionDate "2017.10.13"]
[SourceQuality "1"]

1. e4 e6 2. d4 d5 3. e5 c5 4. c3 Nc6 5. Nf3 Qb6 6. a3 Bd7 7. b4 cxd4 8. cxd4 Rc8 9. Be2 Nge7 10. 0-0 Ng6 11. g3 Be7 12. Bb2 f6 13. Nbd2 0-0 14. Nb3 fxe5 15. Nxe5 Ngxe5 16. dxe5 a6 17. Kg2 Qa7 18. Bd3 Nd8 19. Qh5 g6 20. Bxg6 hxg6 1/2-1/2

[Event "Seebach op 15th"]
[Site "Grossenseebach"]
[Date "2004.06.17"]
[Round "7"]
[White "Schwarzmann, Tobias"]
[Black "Behlert, Stefan"]
[Result "1/2-1/2"]
[WhiteElo "1821"]
[BlackElo "2093"]
[PlyCount "38"]
[EventDate "2004.06.17"]
[EventType "swiss"]
[EventRounds "7"]
[EventCountry "GER"]
[SourceTitle "EXT 2018"]
[Source "ChessBase"]
[SourceDate "2017.10.13"]
[SourceVersion "1"]
[SourceVersionDate "2017.10.13"]
[SourceQuality "1"]

1. b3 e6 2. Bb2 d5 3. e3 c6 4. Nf3 Nd7 5. Be2 Ngf6 6. 0-0 Bd6 7. d4 0-0 8. c4 Ne4 9. Nbd2 f5 10. Ne5 Nxd2 11. Qxd2 g5 12. f4 g4 13. Qe1 Qe7 14. cxd5 exd5 15. h4 Nf6 16. g3 Ne4 17. a3 Be6 18. Kg2 Rac8 19. Bd3 Rc7 1/2-1/2

[Event "Balatonlelle op"]
[Site "Balatonlelle"]
[Date "2003.06.21"]
[Round "1"]
[White "Petran, Pal"]
[Black "Behlert, Stefan"]
[Result "1-0"]
[WhiteElo "2378"]
[BlackElo "2122"]
[PlyCount "49"]
[EventDate "2003.06.21"]
[EventType "swiss"]
[EventRounds "9"]
[EventCountry "HUN"]
[SourceTitle "EXT 2004"]
[Source "ChessBase"]
[SourceDate "2003.11.25"]
[SourceVersion "1"]
[SourceVersionDate "2003.11.25"]
[SourceQuality "1"]

1. d4 e6 2. c4 f5 3. Nf3 Nf6 4. g3 c6 5. Bg2 d5 6. 0-0 Be7 7. b3 0-0 8. Bb2 Qe8 9. Ne5 Nbd7 10. Nd3 Ng4 11. Nd2 Bd6 12. Nf3 h6 13. Nfe5 g5 14. Nxg4 fxg4 15. e4 dxe4 16. Bxe4 Nf6 17. Bg2 h5 18. Qd2 Qg6 19. Rae1 a5 20. Bc1 Bb4 21. Nxb4 axb4 22. Re5 Kf7 23. Rxg5 Qb1 24. Qxb4 Rxa2 25. Rg7+ 1-0

[Event "Nuremberg-ch op 03rd"]
[Site "Nuremberg"]
[Date "2003.06.01"]
[Round "4"]
[White "Augustin, Achim"]
[Black "Behlert, Stefan"]
[Result "1/2-1/2"]
[WhiteElo "1922"]
[BlackElo "1783"]
[PlyCount "39"]
[EventDate "2003.05.30"]
[EventType "swiss"]
[EventRounds "5"]
[EventCountry "GER"]
[SourceTitle "EXT 2006"]
[Source "ChessBase"]
[SourceDate "2005.11.24"]
[SourceVersion "1"]
[SourceVersionDate "2005.11.24"]
[SourceQuality "1"]

1. d4 e6 2. Nf3 f5 3. Bg5 Nf6 4. e3 Be7 5. Nbd2 c6 6. c3 d5 7. Bd3 Nbd7 8. h3 Ne4 9. Bxe7 Qxe7 10. Qe2 Ndf6 11. 0-0-0 Bd7 12. Ne5 0-0-0 13. Nb3 Be8 14. g4 Nd7 15. Nxd7 Bxd7 16. gxf5 exf5 17. Rdg1 g6 18. Nd2 Nxd2 19. Kxd2 Rhf8 20. h4 1/2-1/2

[Event "Bad Woerishofen op 17th"]
[Site "Bad Woerishofen"]
[Date "2001.??.??"]
[Round "6"]
[White "Schnur, Gerhard"]
[Black "Behlert, Stefan"]
[Result "1/2-1/2"]
[WhiteElo "2144"]
[BlackElo "1790"]
[PlyCount "36"]
[EventDate "2001.03.15"]
[EventType "swiss"]
[EventRounds "9"]
[EventCountry "GER"]
[SourceTitle "CBM 081 Extra"]
[Source "ChessBase"]
[SourceDate "2001.05.06"]
[SourceVersion "1"]
[SourceVersionDate "2001.05.06"]
[SourceQuality "1"]

1. d4 e6 2. c4 f5 3. Nf3 c6 4. g3 Nf6 5. Bg2 d5 6. 0-0 Be7 7. Nbd2 0-0 8. b3 Qe8 9. Ne5 Nbd7 10. Ndf3 Ne4 11. Bf4 g5 12. Nxd7 Bxd7 13. Be5 Bf6 14. Bxf6 Rxf6 15. Ne5 Rd8 16. f3 Nd6 17. c5 Nf7 18. Nxf7 Qxf7 1/2-1/2

[Event "Mittelfranken-ch QT 49th"]
[Site "Ansbach"]
[Date "2000.??.??"]
[Round "2"]
[White "Behlert, Stefan"]
[Black "Eckhardt, Waldemar"]
[Result "1-0"]
[WhiteElo "1724"]
[BlackElo "1507"]
[PlyCount "95"]
[EventDate "2000.04.19"]
[EventType "swiss"]
[EventRounds "7"]
[EventCountry "GER"]
[SourceTitle "EXT 2015"]
[Source "ChessBase"]
[SourceDate "2014.11.20"]
[SourceVersion "1"]
[SourceVersionDate "2014.11.20"]
[SourceQuality "1"]

1. e4 c5 2. d4 cxd4 3. c3 dxc3 4. Nxc3 g6 5. Nf3 Bg7 6. e5 Nc6 7. Bf4 Qc7 8. Rc1 Bh6 9. Qd2 Bg7 10. Nd5 Qd8 11. e6 d6 12. exf7+ Kxf7 13. Bc4 Kf8 14. 0-0 Nf6 15. Ng5 h6 16. Nf3 Be6 17. Nxf6 Bxc4 18. Rxc4 exf6 19. Bxd6+ Kg8 20. Nh4 Kh7 21. Rd1 f5 22. Qd5 Re8 23. g3 Qd7 24. b4 a6 25. Rc2 Rad8 26. Rcd2 Bc3 27. Rd3 Bxb4 28. Bxb4 Qxd5 29. Rxd5 Rxd5 30. Rxd5 Nxb4 31. Rd7+ Kg8 32. Rxb7 Nxa2 33. Nxg6 Re1+ 34. Kg2 Nc3 35. Ne7+ Kh8 36. Nxf5 Re6 37. Nd4 Rd6 38. Nb3 Nd1 39. h4 Rd3 40. Nc5 Rd2 41. Ne4 Re2 42. Kf3 Ra2 43. Rd7 Ra1 44. g4 a5 45. g5 hxg5 46. hxg5 a4 47. g6 Nb2 48. g7+ 1-0

[Event "Mittelfranken-ch QT 49th"]
[Site "Ansbach"]
[Date "2000.??.??"]
[Round "4"]
[White "Behlert, Stefan"]
[Black "Horstmann, Sven"]
[Result "1-0"]
[WhiteElo "1724"]
[BlackElo "1299"]
[PlyCount "115"]
[EventDate "2000.04.19"]
[EventType "swiss"]
[EventRounds "7"]
[EventCountry "GER"]
[SourceTitle "EXT 2015"]
[Source "ChessBase"]
[SourceDate "2014.11.20"]
[SourceVersion "1"]
[SourceVersionDate "2014.11.20"]
[SourceQuality "1"]

1. e4 e6 2. d4 d5 3. e5 c5 4. c3 Qb6 5. Nf3 Nc6 6. a3 a5 7. Bd3 Bd7 8. Bc2 cxd4 9. cxd4 Nge7 10. 0-0 Nc8 11. Nc3 Be7 12. Ne2 Qc7 13. h3 b5 14. Nh2 b4 15. f4 Nb6 16. f5 a4 17. f6 gxf6 18. exf6 Bd6 19. Bf4 b3 20. Bxd6 Qxd6 21. Bd3 Na5 22. Nc3 Nac4 23. Qe2 0-0-0 24. Nf3 Kb7 25. Ne5 Nxe5 26. dxe5 Qc5+ 27. Kh1 Nc4 28. Rac1 Bc6 29. Kh2 Qd4 30. Nxa4 Qxe5+ 31. Qxe5 Nxe5 32. Nc5+ Kb6 33. Rfd1 Bb5 34. Bxb5 Kxb5 35. Nxb3 Rc8 36. g4 Nc4 37. Nd4+ Kb6 38. Kg3 Ka6 39. b3 Ne5 40. h4 Rhg8 41. Rxc8 Rxc8 42. Kf4 Ng6+ 43. Kg5 Rg8 44. Nxe6 Ne5+ 45. Ng7 Kb6 46. Rxd5 h6+ 47. Kf5 Ng6 48. h5 Nh4+ 49. Kf4 Ng2+ 50. Kg3 Ne3 51. Re5 Nf1+ 52. Kf2 Nh2 53. Kg3 Nf1+ 54. Kg2 Nd2 55. Re8 Rxe8 56. Nxe8 Kc6 57. g5 Ne4 58. g6 1-0

[Event "Mittelfranken-ch QT 49th"]
[Site "Ansbach"]
[Date "2000.??.??"]
[Round "6"]
[White "Behlert, Stefan"]
[Black "Schmitt, Werner"]
[Result "1/2-1/2"]
[WhiteElo "1724"]
[BlackElo "1679"]
[PlyCount "51"]
[EventDate "2000.04.19"]
[EventType "swiss"]
[EventRounds "7"]
[EventCountry "GER"]
[SourceTitle "EXT 2015"]
[Source "ChessBase"]
[SourceDate "2014.11.20"]
[SourceVersion "1"]
[SourceVersionDate "2014.11.20"]
[SourceQuality "1"]

1. e4 e5 2. Nf3 Nf6 3. Nc3 Nc6 4. Bc4 Bb4 5. d3 d5 6. exd5 Nxd5 7. Bd2 Be6 8. Nxd5 Bxd2+ 9. Qxd2 Bxd5 10. Bxd5 Qxd5 11. Qg5 0-0 12. 0-0 f6 13. Qg3 Nd4 14. Nxd4 Qxd4 15. c3 Qb6 16. Rab1 Rad8 17. Rfd1 Rf7 18. a3 Rfd7 19. Rd2 c5 20. Rbd1 c4 21. h4 h6 22. h5 Rxd3 23. Rxd3 Rxd3 24. Rxd3 cxd3 25. Qxd3 Qxb2 26. Qd8+ 1/2-1/2

[Event "Mittelfranken-ch QT 49th"]
[Site "Ansbach"]
[Date "2000.??.??"]
[Round "7"]
[White "Rosmann, Armin"]
[Black "Behlert, Stefan"]
[Result "1/2-1/2"]
[WhiteElo "1598"]
[BlackElo "1724"]
[PlyCount "30"]
[EventDate "2000.04.19"]
[EventType "swiss"]
[EventRounds "7"]
[EventCountry "GER"]
[SourceTitle "EXT 2015"]
[Source "ChessBase"]
[SourceDate "2014.11.20"]
[SourceVersion "1"]
[SourceVersionDate "2014.11.20"]
[SourceQuality "1"]

1. e4 e6 2. f4 b6 3. d3 Bb7 4. Nf3 d5 5. e5 Ne7 6. d4 c5 7. c3 g6 8. Be2 Nf5 9. 0-0 Be7 10. g4 Ng7 11. Be3 h5 12. g5 Nf5 13. Bf2 Nc6 14. a4 a6 15. Na3 c4 1/2-1/2